000 00647nam a22001937a 4500
005 20240508115705.0
010 _aENG-140166
020 _c136.00
_a9788192708737
035 _aEN-123698
037 _bDBAD
082 _a000
100 _aNaresh, Gandi
_965895
245 _aReasoning- III:
_bFor All Competitive Examination and Campus Placements/
_cBy Naresh, Gandi
250 _a1
260 _aHyderabad
_bStudentsHelpline Publishing House (P) Ltd.
_c2019
270 _bHyderabad
_a326/C III rd Floor, Surneni Nilayam
_e500038
_k91-40-23710657
_k28000657
300 _aviii, 200p.
_c25cm(pbk)
942 _2ddc
_cEN
_h000
_mNAR
999 _c202198
_d202198